Χρηματοοικονομική Διοίκηση / Financial Management: Τρίτη Έκδοση (Record no. 820)
[ view plain ]
| 000 -LEADER | |
|---|---|
| fixed length control field | 03425cam a22002054a 4500 |
| 005 - ΗΜΕΡΟΜΗΝΙΑ ΚΑΙ ΩΡΑ ΤΕΛΕΥΤΑΙΑΣ ΕΝΗΜΕΡΩΣΗΣ | |
| Πεδίο ελέγχου | 20250605163946.0 |
| 008 - FIXED-LENGTH DATA ELEMENTS--GENERAL INFORMATION | |
| Πεδίο ελέγχου σταθερού μήκους | 250528s ||||||||||||||||||||||||d |
| 035 ## - SYSTEM CONTROL NUMBER | |
| System control number | 15226 |
| 040 ## - ΠΗΓΗ ΚΑΤΑΛΟΓΟΓΡΑΦΗΣΗΣ | |
| Φορέας πρωτότυπης καταλογογράφησης | MC Athens Campus Library |
| Γλώσσα καταλογογράφησης | Ελληνικά, Μοντέρνα (1453-) |
| Modifying agency | MC Athens Campus Library |
| Κανόνες περιγραφικής καταλογογράφησης | AACR2 |
| 245 1# - ΤΙΤΛΟΣ ΚΑΙ ΔΗΛΩΣΗ ΥΠΕΥΘΥΝΟΤΗΤΑΣ | |
| Τίτλος | Χρηματοοικονομική Διοίκηση / Financial Management: Τρίτη Έκδοση |
| 250 ## - EDITION STATEMENT | |
| Edition statement | 3η |
| 260 ## - PUBLICATION, DISTRIBUTION, ETC. | |
| Name of publisher, distributor, etc. | Βασίλειος Παπουλιας Α.Ε. Επενδυτικών Υπηρεσιών, |
| Date of publication, distribution, etc. | 2000 |
| 300 ## - PHYSICAL DESCRIPTION | |
| Extent | 752 |
| 505 0# - FORMATTED CONTENTS NOTE | |
| Formatted contents note | Βασικές Αρχές Χρηματοοικονομικής, Εισαγωγή στη Χρηματοοικονομική, Περιβάλλον Επιχειρηματικής Δραστηριότητας, Προεξόφληση Ταμιακών Ροών, Οικονομικές Αγορές και Αποδόσεις, Θεμελιώδεις Αρχές Αποτίμησης, Αποτίμηση Ομολογιών και Μετοχών, Εισαγωγή στο Ρίσκο, Αποτίμηση Μετοχικών Αξιών - CAPM, Το Κόστος του Κεφαλαίου, Κεφαλαιουχικός Προϋπολογισμός, Βασικές Αρχές Κεφαλαιουχικών Επενδύσεων, Εκτίμηση Ταμιακής Ροής και Αξιολόγηση, Ανάλυση Κινδύνου στο Πλαίσιο Λήψης Επενδυτικής Απόφασης, Αξιολόγηση Επενδύσεων με Ρίσκο, Ανάλυση για την Άριστη Κεφαλαιακή Διάρθρωση, Η Θεωρία της Κεφαλαιακής Διάρθρωσης, Μερισματική Πολιτική, Μακροπρόθεσμη Χρηματοδότηση, Ανάπτυξη και Επιχειρηματική Αποτυχία, Κεφάλαιο Κίνησης, Ανάλυση Χρηματοοικονομικών Καταστάσεων και Πρόβλεψη. |
| 520 ## - SUMMARY, ETC. | |
| Summary, etc. | Βασικές Αρχές Χρηματοοικονομικής, Εισαγωγή στη Χρηματοοικονομική, Περιβάλλον Επιχειρηματικής Δραστηριότητας, Προεξόφληση Ταμιακών Ροών, Οικονομικές Αγορές και Αποδόσεις, Θεμελιώδεις Αρχές Αποτίμησης, Αποτίμηση Ομολογιών και Μετοχών, Εισαγωγή στο Ρίσκο, Αποτίμηση Μετοχικών Αξιών - CAPM, Το Κόστος του Κεφαλαίου, Κεφαλαιουχικός Προϋπολογισμός, Βασικές Αρχές Κεφαλαιουχικών Επενδύσεων, Εκτίμηση Ταμιακής Ροής και Αξιολόγηση, Ανάλυση Κινδύνου στο Πλαίσιο Λήψης Επενδυτικής Απόφασης, Αξιολόγηση Επενδύσεων με Ρίσκο, Ανάλυση για την Άριστη Κεφαλαιακή Διάρθρωση, Η Θεωρία της Κεφαλαιακής Διάρθρωσης, Μερισματική Πολιτική, Μακροπρόθεσμη Χρηματοδότηση, Ανάπτυξη και Επιχειρηματική Αποτυχία, Κεφάλαιο Κίνησης, Ανάλυση Χρηματοοικονομικών Καταστάσεων και Πρόβλεψη. |
| 700 1# - ΠΡΟΣΘΕΤΗ ΑΝΑΓΡΑΦΗ--ΦΥΣΙΚΟ ΠΡΟΣΩΠΟ | |
| Personal name | Παππούλιας Γεώργιος Π |
| 9 (RLIN) | 1109 |
| 942 ## - ADDED ENTRY ELEMENTS (KOHA) | |
| Koha item type | Books |
| Τύπος τεκμηρίου | Βιβλιοθήκη | Τρέχουσα τοποθεσία | Barcode | Αριθμός εισαγωγής | Ημερομηνία απόκτησης | Ταξιθετικό σύμβολο | Αριθμός αντιτύπου | Κατάσταση απόσυρσης | Κατάσταση χαμένου | Κατάσταση κατεστραμμένου | Μη δανεισμός | Σύνολο δανεισμών | Ημερομηνία τελευταίας εμφάνισης | Η τιμή ισχύει από |
|---|---|---|---|---|---|---|---|---|---|---|---|---|---|---|
| Books | MC Athens Campus Library | MC Athens Campus Library | 9780000008190 | 1463 | 05/06/2025 | 658.15 PAP | 2 | 05/06/2025 | 05/06/2025 |